|
|
|
|
| LEADER |
00000nam0a2200000 4500 |
| 001 |
14586 |
| 005 |
20231030185737.0 |
| 010 |
|
|
|a 5856380185
|
| 035 |
|
|
|a (RuTPU)RU\TPU\book\14682
|
| 035 |
|
|
|a BOOK00014751
|
| 090 |
|
|
|a 14586
|
| 100 |
|
|
|a 20011209d1998 km y0rusy50 ca
|
| 101 |
0 |
|
|a rus
|
| 102 |
|
|
|a RU
|
| 105 |
|
|
|a y z 111zy
|
| 200 |
0 |
|
|a Т. 2
|
| 210 |
|
|
|d 1998
|
| 215 |
|
|
|a 406 с.
|
| 300 |
|
|
|a Приложение: Список участников.
|
| 461 |
|
|
|t Библиотеки и ассоциации в меняющемся мире: новые технологии и новые формы сотрудничества
|o Материалы конференции, 6-14 июня 1998 г., г. Судак, Авт. Респ. Крым, Украина
|f 5-я Юбилейная Международная Конференция "Крым 98"
|v Т. 2
|d 1998
|
| 610 |
1 |
|
|a библиотечное дело
|
| 610 |
1 |
|
|a библиотеки
|
| 610 |
1 |
|
|a библиотечные технологии
|
| 610 |
1 |
|
|a международные конференции
|
| 686 |
|
|
|a Ч73ло
|v LBC/SL-A
|2 rubbk
|
| 712 |
1 |
0 |
|a "Крым 98"
|c Юбилейная Международная Конференция
|d 5
|e Судак, Крым, Украина
|f 1998
|
| 801 |
|
0 |
|a RU
|b 63413507
|c 20011209
|g PSBO
|
| 801 |
|
2 |
|a RU
|b 63413507
|c 20091203
|g PSBO
|
| 942 |
|
|
|c BK
|